Responses for Show #6163 - Wednesday, June 1, 2011

Contestants

[<< previous game]

Maggie Berndt, a symphony orchestra publicist from Chicago, Illinois

Michael Philpy, a policy analyst originally from Lafayette, Indiana

Ty Cone, a federal law clerk from Brooklyn, New York (whose 1-day cash winnings total $22,405)

[next game >>]

Jeopardy! Round responses

SIGHTSEEING
ACTORS AS PRESIDENTS
GET A JOB!
NEW GROUP TERMS FOR ANIMALS?
STATE SLOGANS
ROLL WITH IT
    $200 16
John Brown

Ty
    $200 1
JFK

Maggie
    $200 11
hats

Maggie
    $200 26
termites

Maggie
    $200 6
Alaska

Maggie
    $200 21
a cigar

Ty
    $400 17
the Riviera

Ty
    $400 2
FDR

Ty
    $400 12
dictation

Ty
    $400 27
(Ty: What are constrictors?)
(Michael: What are cobras?)
(Alex: What are [*]? [*]. They are constrictors but we needed that specific word.)

pythons

TyMichael
Triple Stumper
    $400 7
Colorado

Ty
    $400 22
bowling

Maggie
    $600 18
Bogotá

Michael
    $600 3
Washington and Jefferson

Ty
    $600 13
a striptease

Ty
    $600 28
skunks

Ty
    $600 8
Idaho

Maggie
    $600 23
a burrito

Ty
    $800 19
Myrtle Beach

Michael
    $800 4
Grant

Ty
    $800 14
a tightrope walker

Maggie
    $800 29
lemmings

Maggie
    $800 9
South Dakota

Maggie
    $800 24
(Michael: What is a Philadelphia Roll?)

a California Roll

MichaelMaggie
    $1,000 20
(Michael: What is St. Thomas?)
(Alex: Oh, no, you picked the wrong one. It's [*].)

St. Croix

Michael
    $1000 5
LBJ

Ty
    $1000 15
(Michael: What is an api-ist?)
(Alex: That's right, someone who's trimming those topiaries)

a topiarist

TyMichael
    $1000 30
aardvarks

Michael
    $1000 10
Indiana

Ty
    $1000 25
a wheel

Ty

Scores at the first commercial break (after clue 15):

Ty Michael Maggie
$6,200 -$1,000 $2,800

Scores at the end of the Jeopardy! Round:

Ty Michael Maggie
$8,800 -$800 $5,000

Double Jeopardy! Round responses

LITERARY TERMS
POP CULTURE
GOOD MANORS
(Notice the spelling there)
"FRIC" OR "FRAC"
HAY IS
4 HORSEMEN
    $400 6
the plot

Michael
    $400 1
Shirley Temple

Maggie
    $400 16
a moat

Maggie
    $400 11
friction

Ty
    $400 21
New York

Ty
    $400 26
John

Maggie
    $800 7
a saga

Ty
    $800 2
Gisele Bündchen

Michael
    $800 17
Newton

Michael
    $800 12
(Maggie: What is fracture?)

refraction (or refract)

TyMaggie
    $800 22
sleep

Michael
    $800 27
a bow & arrow

Michael
    $1200 8
hard-boiled

Maggie
    $1200 3
The Matrix

Michael
    $3,500 18
Badminton

Michael
    $1200 13
a fricassee

Michael
    $1200 23
a paleontologist

Maggie
    $1200 28
red

Maggie
    $1600 9
cantos

Michael
    $1600 4
Joan Collins

Maggie
    $1600 19
Disraeli

Ty
    $1600 14
fracas

Michael
    $1600 24
McKinley

Michael
    $3,000 29
(Maggie: What is gray?)

black

Maggie
    $2000 10
a portmanteau

Ty
    $2000 5
(Alex: The author was the "Man in Black", [*].)

Johnny Cash

Triple Stumper
    $2000 20
the Gunpowder Plot

Michael
    $2000 15
an infraction

Maggie
    $2000 25
Timothy

Ty
    $2000 30
a seal

Michael

Scores at the end of the Double Jeopardy! Round:

Ty Michael Maggie
$16,800 $17,500 $9,600

[wagering suggestions for these scores]

Final Jeopardy! Round responses

THE RAILROADS
(Alex: The Atchison & Topeka & [*] Railroad.)
MaggieWhat is Sacramento
$9,600
TyWhat is Portland?
$0
MichaelWhat is Santa Fe
$16,101
Santa Fe

Final scores:

Ty Michael Maggie
$16,800 $33,601 $0
2nd place: $2,000 New champion: $33,601 3rd place: $1,000

Game dynamics:

Coryat scores:

Ty Michael Maggie
$16,800 $16,200 $12,600
22 R,
1 W
16 R
(including 1 DD),
4 W
(including 1 DD)
18 R,
2 W
(including 1 DD)

Combined Coryat: $45,600

[game clues] [game scores] [suggest correction]

Game tape date: 2011-02-09
The J! Archive is created by fans, for fans. Scraping, republication, monetization, and malicious use prohibited; this site may use cookies and collect identifying information. See terms. The Jeopardy! game show and all elements thereof, including but not limited to copyright and trademark thereto, are the property of Jeopardy Productions, Inc. and are protected under law. This website is not affiliated with, sponsored by, or operated by Jeopardy Productions, Inc. Join the discussion at JBoard.tv.